Сравнительное исследование золы, шлаков и отложений при сжигании березовского и назаровского углей в стендовой устаноке: Отчет о НИР; Тема: № 65/70

Bibliografiske detaljer
Institution som forfatter: Томский политехнический институт (ТПИ) (595)
Andre forfattere: Лебедев И. К. (руководитель)
Sprog:russisk
Udgivet: Томск, 1973
Fag:
Format: MixedMaterials Bog
KOHA link:https://koha.lib.tpu.ru/cgi-bin/koha/opac-detail.pl?biblionumber=168602

MARC

LEADER 00000n m0a2200000 4500
001 168602
005 20231031163144.0
029 0 0 |a SU  |b 72025917  |f ТПУ 
035 |a (RuTPU)RU\TPU\book\182918 
090 |a 168602 
100 |a 20091029d1973 k y0rusy50 ca 
101 0 |a rus 
102 |a RU 
105 |a a p 001zy 
200 1 |a Сравнительное исследование золы, шлаков и отложений при сжигании березовского и назаровского углей в стендовой устаноке  |e Отчет о НИР  |e Тема: № 65/70  |f Томский политехнический институт (ТПИ) ; руководитель И. К. Лебедев 
210 |a Томск  |d 1973 
215 |a 88 л. 
320 |a Библиогр.: с. 84-88. 
610 1 |a отчеты о НИР 
610 1 |a Назаровский уголь 
610 1 |a Березовский уголь 
610 1 |a зола 
610 1 |a шлаки 
610 1 |a отложения 
610 1 |a сжигание 
610 1 |a исследование 
675 |a 662.66(04)  |v 3 
702 1 |a Лебедев  |b И. К.  |4 673 
712 0 2 |a Томский политехнический институт (ТПИ)  |c (1944-1991)  |2 stltpush  |3 (RuTPU)RU\TPU\col\1123  |4 595 
801 1 |a RU  |b 63413507  |c 20091029 
942 |c BK